000 00793nam a2200241Ia 4500
999 _c17588
_d45586
005 20170510055215.0
037 _aIA 1394 06/A-B-C-D
040 _aBC-ENSA
_bfre
041 _afre
041 _afre
100 _aTEBBAKH, Hassina
245 _aEtude de l'orobanche de la fève
_bessai de méthodes de lutte
_cHassina Tebbakh
260 _c2003
300 _bill., 9 graph., 26 tabl., 43 réf.
_a69 p.
300 _c30 cm
541 _cPROD-LOC
562 _e4 exemplaires
700 _aBOUZNAD, Z.
_edir. thèse
942 _c12
500 _aC et D versés en Botanique
502 _aMém.-ing. : Agron.
_bIngénieur
_cINA : département de Botanique
_lEl Harrach
653 _aOROBANCHE/FEVE/METHODE DE LUTTE/MATERIEL/METHODE/TAXONOMIE/BOTANIQUE/BIOLOGIE/PARASITISME/PLANTE